Roblox Quiz - Statistics

General Stats
  • This quiz has been taken 6,568 times
  • The average score is 5 of 10
Answer Stats
Question Answer % Correct
What is the most popular game that has always been on the front page for more than a year. Jailbreak
79%
Who is the creator of Murderer Mystery 2? Nikilis
72%
In jailbreak, what was the newest building out of these choices? Power Plant
61%
What game came out the earliest of these choices? Doomspire Brickbattle
58%
Can you fly in meep city? No
53%
In bee swarm simulator, what is required to get the the 2nd stage? 5 bees
45%
When was Flood Escape Created? August 2010
31%
In Flood Escape 2, what is the hardest difficulty? Crazy
19%
What is the most popular group on Roblox? Robloxian Highschool
18%
How much money is the most expensive item on roblox? 1 Quadrillion
16%
No matching quizzes found
Score Distribution
Percent of People with Each Score
Percentile by Number Answered
Your Score History
You have not taken this quiz